Bhagwad Gita/ (Record no. 207534)

MARC details
000 -LEADER
fixed length control field 00594nam a22001937a 4500
005 - DATE AND TIME OF LATEST TRANSACTION
control field 20241210165510.0
010 ## - LCCN (DPL NO)
LC control number ENG-142918
020 ## - INTERNATIONAL STANDARD BOOK NUMBER
International Standard Book Number 9789350690413
Terms of availability 75.00
035 ## - SYSTEM CONTROL NUMBER
System control number EN-126450
037 ## - SOURCE OF ACQUISITION
Source of stock number/acquisition DBAD
082 ## - DEWEY DECIMAL CLASSIFICATION NUMBER
Classification number 230.35
100 ## - MAIN ENTRY--PERSONAL NAME
Personal name Sai Baba, Bhagawan Sri Sathya
245 ## - TITLE STATEMENT
Title Bhagwad Gita/
Statement of responsibility, etc by Bhagawan Sri Sathya Sai Baba
260 ## - PUBLICATION, DISTRIBUTION, ETC. (IMPRINT)
Place of publication, distribution, etc Prasanthi Nilayam
Name of publisher, distributor, etc Sri Sathya Sai Sadhana Trust
Date of publication, distribution, etc 2013
270 ## - ADDRESS
Address Sri Sathya Sai Sadhana Trust
City Prasanthi Nilayam
Postal code 515134
300 ## - PHYSICAL DESCRIPTION
Extent 374p.
Dimensions 22cm (pb)
700 ## - ADDED ENTRY--PERSONAL NAME
9 (RLIN) 32825
942 ## - ADDED ENTRY ELEMENTS (KOHA)
Source of classification or shelving scheme Dewey Decimal Classification
Item type English Books
Classification part 230.35
Call number suffix BHA
Holdings
Withdrawn status Lost status Not for loan Collection code Home library Current library Date acquired Source of acquisition Cost, normal purchase price Full call number Barcode Copy number Cost, replacement price Koha item type
      Non-fiction R.K.Puram-8 R.K.Puram-8 10/12/2024 Delivery of Books Division 75.00 230.35 BHA EN-126450 1 75.00 English Books

© Delhi Public Library
Hit Counter
free hit counter